000 00543nam a2200169 a 4500
001 000035525
005 20200930074416.0
008 111103s1994 mx 000 0 spa d
020 _a9681901991
040 _aDO-SdBNP
_bspa
_cBNPHU
100 1 _aWeiss, Donald H.
_961410
245 1 0 _aCómo desarrollar un equipo eficaz /
_cDonald H. Weiss ; traductor Arlette de Alba.
260 _aMéxico, :
_bSuperación Aguilar,
_c1994.
300 _a79 p. ;
_c21 cm.
500 _aTraducido del idioma inglés
700 1 _aAlba, Arlette de,
_etrad.
_961411
999 _c35016
_d35016